<?xml version="1.0" encoding="UTF-8"?>
<record
    xmlns:xsi="http://www.w3.org/2001/XMLSchema-instance"
    xsi:schemaLocation="http://www.loc.gov/MARC21/slim http://www.loc.gov/standards/marcxml/schema/MARC21slim.xsd"
    xmlns="http://www.loc.gov/MARC21/slim">

  <leader>05267nab a2200301 i 4500</leader>
  <controlfield tag="003">BR-BrBNA</controlfield>
  <controlfield tag="005">20240322095627.0</controlfield>
  <controlfield tag="008">240322b2019    bl.qr|pooa||| 00| 0 por |</controlfield>
  <datafield tag="040" ind1=" " ind2=" ">
    <subfield code="a">BR-BrBNA</subfield>
    <subfield code="b">por</subfield>
  </datafield>
  <datafield tag="072" ind1=" " ind2=" ">
    <subfield code="a">E11</subfield>
  </datafield>
  <datafield tag="072" ind1=" " ind2=" ">
    <subfield code="a">D50</subfield>
  </datafield>
  <datafield tag="100" ind1=" " ind2=" ">
    <subfield code="a">Faria, Alvaro Boson de Castro</subfield>
  </datafield>
  <datafield tag="100" ind1=" " ind2=" ">
    <subfield code="a">Pertille, Carla Talita</subfield>
  </datafield>
  <datafield tag="100" ind1=" " ind2=" ">
    <subfield code="a">Miranda, Fabiani das Dores Abati</subfield>
  </datafield>
  <datafield tag="245" ind1=" " ind2=" ">
    <subfield code="a">An&#xE1;lise da adequa&#xE7;&#xE3;o florestal de pequenas propriedades rurais no sudoeste do Paran&#xE1;</subfield>
  </datafield>
  <datafield tag="500" ind1=" " ind2=" ">
    <subfield code="a">Publica&#xE7;&#xE3;o on-line; 30 ref.; 4 tables; 2 illus.; Summaries (En, Pt)</subfield>
  </datafield>
  <datafield tag="520" ind1=" " ind2=" ">
    <subfield code="a">

Resumo

Estudos indicam a perda ambiental com a reformula&#xE7;&#xE3;o da legisla&#xE7;&#xE3;o florestal dada atualmente pela Lei de Prote&#xE7;&#xE3;o
da Vegeta&#xE7;&#xE3;o Nativa (LPVN), antigo C&#xF3;digo Florestal. Ainda s&#xE3;o necess&#xE1;rias pesquisas que indiquem o efeito
sobre os titulares das terras, em regi&#xF5;es jurisdicionadas por outras regulamenta&#xE7;&#xF5;es ambientais, como para o bioma
Mata Atl&#xE2;ntica, e ainda, os reflexos da integra&#xE7;&#xE3;o das leis com quest&#xF5;es de cumprimento da fun&#xE7;&#xE3;o social dos
im&#xF3;veis. A regi&#xE3;o Sudoeste do Paran&#xE1; possui estrutura fundi&#xE1;ria caracterizada pela pequena propriedade rural, e
os objetivos deste trabalho foram: verificar se existe diferen&#xE7;a no cumprimento da fun&#xE7;&#xE3;o social rural da pequena
propriedade, considerando a realidade inicial das propriedades, o C&#xF3;digo Florestal de 1965, e a LPVN; estimar o
custo de oportunidade economizado pelo agricultor com a adequa&#xE7;&#xE3;o ambiental rural pela lei de 2012; determinar as
diferen&#xE7;as entre &#xE1;reas de preserva&#xE7;&#xE3;o permanente (APP) e reservas legais (RL) nas duas legisla&#xE7;&#xF5;es; estimar a &#xE1;rea a
ser recuperada pelo Programa de Regulariza&#xE7;&#xE3;o Ambiental (PRA) nas pequenas propriedades. Foram confeccionados
sete mapas de uso e ocupa&#xE7;&#xE3;o do solo em ambiente de Sistema de Informa&#xE7;&#xE3;o Geogr&#xE1;fica, na qual os montantes de
&#xE1;reas foram analisados com estat&#xED;sticas inferenciais. Os dados permitiram concluir que: a pequena propriedade rural
na regi&#xE3;o cumpre a fun&#xE7;&#xE3;o social rural em todos os padr&#xF5;es; o custo de oportunidade economizado foi de 6,2% do
sal&#xE1;rio m&#xED;nimo por m&#xF3;dulo fiscal; A APP a restaurar foi inferior em rela&#xE7;&#xE3;o &#xE0; lei antecedente; estima-se para a regi&#xE3;o
sudoeste, a necessidade de recupera&#xE7;&#xE3;o de 11.762,40 hectares de matas ciliares; n&#xE3;o existe diferen&#xE7;a significativa
entre a reserva legal preexistente entre as duas leis; existe diferen&#xE7;a significativa entre a reserva legal a recuperar.

Palavra-chave: Lei de Prote&#xE7;&#xE3;o da Vegeta&#xE7;&#xE3;o Nativa; Estatuto da Terra; Lei da Mata Atl&#xE2;ntica</subfield>
  </datafield>
  <datafield tag="520" ind1=" " ind2=" ">
    <subfield code="a">

Abstract

Studies indicate environmental loss, due to the reformulation of the forest legislation, currently given by the Native
Vegetation Protection Law (NVPL), formerly the Forestry Code. Research is still needed to indicate the effect on
landowners, in regions that are governed by other environmental regulations, such as the Atlantic Forest biome
as well as the reflexes of the integration of laws regarding the fulfillment of the social function of real estate. The
southwestern region of Paran&#xE1; state has a land structure characterized by small rural properties and the objectives of
this work were: to verify if there is a difference in the fulfillment of the rural social function of the small properties,
considering the initial reality of the properties, the Forestry Code of 1965; NVPL; to estimate the saved opportunity
cost by the farmer with the rural environmental suitability by the 2012 law; to determine the differences between
permanent preservation areas (PPAs) and legal reserves (LRs) in both legislations; estimate the area to be recovered
by the Environmental Regularization Program (ERP) in small properties. Seven land use and occupation maps were
designed in a Geographic Information System environment, in which the amounts of areas were analyzed with
inferential statistics. The data allowed to conclude that: the small rural property in the region fulfills the rural social
function in all the standards; the saved opportunity cost was 6.2% of the minimum wage per fiscal module; The
PPA to be restored was smaller than the previous law; the need for recovery of 11,762.40 hectares of riparian forests
is estimated for the southwestern region; there is no significant difference between the pre-existing legal reserve
between the two laws; there is a significant difference between the legal reserve to be recovered.

Keywords: Brazilian Protection of Native Vegetation; Statute of the Earth; Law of the Atlantic Forest
</subfield>
  </datafield>
  <datafield tag="650" ind1=" " ind2=" ">
    <subfield code="a">ESTATUTO DA TERRA</subfield>
  </datafield>
  <datafield tag="650" ind1=" " ind2=" ">
    <subfield code="a">LEGISLA&#xC7;&#xC3;O FLORESTAL</subfield>
  </datafield>
  <datafield tag="650" ind1=" " ind2=" ">
    <subfield code="a">USO DA TERRA</subfield>
  </datafield>
  <datafield tag="650" ind1=" " ind2=" ">
    <subfield code="a">LEI DE PROTE&#xC7;&#xC3;O DA VEGETA&#xC7;&#xC3;O NATIVA</subfield>
  </datafield>
  <datafield tag="650" ind1=" " ind2=" ">
    <subfield code="a">LEI DA MATA ATL&#xC2;NTICA</subfield>
  </datafield>
  <datafield tag="773" ind1="0" ind2=" ">
    <subfield code="0">4065</subfield>
    <subfield code="9">313811</subfield>
    <subfield code="d">Santa Maria-RS Universidade Federal de Santa Maria - Centro de Pesquisas Florestais.Departamento de Ci&#xEA;ncias Florestais. Programa de P&#xF3;s-Gradua&#xE7;&#xE3;o em Engenharia Florestal 1991</subfield>
    <subfield code="o">2024-0078</subfield>
    <subfield code="t">Ci&#xEA;ncia Florestal (Brazil)</subfield>
    <subfield code="x">0103-9954; 1980-5098 (on-line)</subfield>
    <subfield code="g">v. 29(1) p. 432-443; (Jan-Mar 2019)</subfield>
    <subfield code="w">BR2023001613</subfield>
  </datafield>
  <datafield tag="856" ind1=" " ind2=" ">
    <subfield code="u">https://www.scielo.br/j/cflo/a/VTq3WNv8b4tbzLQg8nk9j3H/?format=pdf&amp;lang=pt</subfield>
  </datafield>
  <datafield tag="942" ind1=" " ind2=" ">
    <subfield code="c">Anal&#xED;tica</subfield>
  </datafield>
  <datafield tag="999" ind1=" " ind2=" ">
    <subfield code="c">298903</subfield>
    <subfield code="d">298903</subfield>
  </datafield>
</record>
